[Event "Quebec op"]
[Site "Laval"]
[Date "2022.09.05"]
[Round "7"]
[White "Migot, Tangi"]
[Black "Kapush, Oleksandr"]
[Result "1/2-1/2"]
[WhiteElo "2356"]
[BlackElo "1731"]
[PlyCount "80"]
[EventDate "2022.09.01"]
[EventType "swiss"]
[EventRounds "9"]
[EventCountry "CAN"]
[SourceTitle "CBM 210 Extra"]
[Source "ChessBase"]
[SourceDate "2022.11.30"]
[SourceVersion "1"]
[SourceVersionDate "2022.11.30"]
[SourceQuality "1"]

1. d4 Nf6 2. Bf4 g6 3. Nc3 d5 4. Nf3 Bg7 5. Nb5 Na6 6. e3 c6 7. Nc3 Nc7 8. h3 Ne6 9. Be5 b6 10. Be2 Bb7 11. 0-0 0-0 12. b4 Nd7 13. Bxg7 Nxg7 14. Na4 Qc7 15. Qc1 e5 16. c4 dxc4 17. Bxc4 Rac8 18. Be2 Ne6 19. Rd1 exd4 20. Nxd4 Nxd4 21. exd4 c5 22. dxc5 bxc5 23. b5 Nb6 24. Nc3 Qe5 25. Bf1 Nd5 26. Nxd5 Bxd5 27. Qa3 Rc7 28. Rac1 Rfc8 29. Qa5 Be6 30. Bc4 Bxc4 31. Rxc4 Qe2 32. Rdc1 Rd7 33. Qa6 Rcd8 34. Qf6 Rd6 35. Qf4 Qxa2 36. Rxc5 Qe6 37. Rc6 a6 38. Rxd6 Qxd6 39. Qxd6 Rxd6 40. bxa6 Rxa6 1/2-1/2